000 00622nam a2200241 i 4500
001 bg
245 0 0 _aMedia /
_cpod red. Edyty Banaszkiewicz-Zygmunt.
260 _aWarszawa :
_bWydaw. Naukowe PWN,
_c2000.
300 _a280 s. ;
_c21 cm.
490 1 _aPWN - Leksykon
650 9 _aReklama
650 9 _aŚrodki masowego przekazu
655 _aEncyklopedie
700 1 _aBANASZKIEWICZ-ZYGMUNT, Edyta.
_eRed.
830 _aPWN - Leksykon
020 _a8301130695
040 _cBPK
041 0 _apl
080 _a659(03)
920 _a83-01-13069-5
942 _cKS
008 s pl f |000 0 pol
999 _c36357
_d36357
856 _uhttp://koha.tu.koszalin.pl/cgi-bin/koha/opac-detail.pl?biblionumber=36357
_yKatalog online BPK